Statystyki dla Największe miasta w państwach #4 - Europa Środkowa i Bałkany

Kliknij tutaj aby rozwiązać quiz!

Ogólne statystyki

  • Ten quiz został rozwiązany 1 167 razy
  • Średni wynik to 14 z 30

Statystyki odpowiedzi

PaństwoLpMiastaLudność% Poprawnych
Włochy1.Rzym2 617 175
100%
Grecja1.Ateny3 168 036
97%
Węgry1.Budapeszt1 729 040
96%
Austria1.Wiedeń1 724 381
95%
Rumunia1.Bukareszt1 677 985
93%
2.Mediolan1 242 213
91%
Serbia1.Belgrad1 659 440
89%
3.Neapol962 003
87%
4.Turyn872 367
81%
2.Saloniki806 396
75%
4.Salzburg148 236
60%
5.Palermo657 561
57%
2.Graz264 351
48%
2.Nowy Sad372 999
46%
3.Linz190 802
42%
5.Innsbruck121 076
37%
2.Debreczyn211 320
30%
2.Kluż-Napoka309 136
29%
3.Segedyn168 048
24%
3.Timișoara304 467
20%
3.Nisz260 237
19%
5.Pecz156 049
18%
5.Konstanca254 693
17%
4.Miszkolc167 754
17%
4.Heraklion157 452
15%
4.Jassy263 410
14%
3.Patras195 265
12%
5.Subotica141 554
10%
5.Larisa144 651
9%
4.Kragujevac180 252
6%

Rozkład punktacji

Percentyl według liczby udzielonych odpowiedzi

Procent ludzi z każdym wynikiem

Twoja historia wyników

Nie rozwiązałeś tego quizu